000
00314nam a22001337a 4500
008
250801b |||||||| |||| 00| 0 eng d
020
_a
0471288357
050
_a
HD69
_b
.K47
100
_a
KARZNER, Harold
245
_a
Project Management
260
_a
Canada
_b
John Wiley
_c
1998
300
_a
xx, 1180p.
942
_c
BK
999
_c
4400
_d
4400